Introduction to Electrodynamics

Guardat en:
Dades bibliogràfiques
Autor principal: Griffiths, David Jeffery (Autor)
Format: Llibre
Idioma:anglès
Publicat: Cambridge, United Kingdom. Cambridge University Press, 2017
Edició:4a. ed
Matèries:
Etiquetes: Afegir etiqueta
Sense etiquetes, Sigues el primer a etiquetar aquest registre!

MARC

LEADER 00000cam a2200000 a 4500
001 UCC8802
003 CL-VaPUC
005 20211027110148.0
008 190814e20170000uk |||||||||||||||||eng|d
999 |c 375052  |d 375050 
020 |a 9781108420419 
040 |c Pontificia Universidad Católica de Valparaíso 
082 0 4 |a 537.6 GRI 2017  |2 21 
100 |a Griffiths, David Jeffery  |e author  |9 558423 
245 1 0 |a Introduction to Electrodynamics 
250 |a 4a. ed 
260 |a Cambridge, United Kingdom.  |b Cambridge University Press,  |c 2017 
300 |a 599 páginas 
583 |a last modification  |c 20190814 14:59:00  |k Rodrigo Vera 
650 0 |a Electrodinámica   |9 317185 
650 0 |a Campos magnéticos  |2 CL-VaPUC  |9 354933 
650 0 |a Propiedades magnéticas   |2 CL-VaPUC  |9 362242 
942 |c BK  |2 ddc 
945 |d 20190814 14:59:00  |a dcastane 
952 |0 0  |1 0  |3 erd  |4 0  |6 537_600000000000000_GRI_2017  |7 0  |8 A  |9 493935  |a BIBCUR  |b BIBCUR  |i 5558956  |l 29  |m 21  |o 537.6 GRI 2017  |p 5558956  |r 2025-05-06  |s 2025-04-16  |w 2019-11-24  |y BK  |z Catalogado en:20190814  |k FIS 
952 |0 0  |1 0  |3 erd  |4 0  |6 537_600000000000000_GRI_2017  |7 0  |8 A  |9 493936  |a BIBCUR  |b BIBCUR  |i 5558948  |l 32  |m 18  |o 537.6 GRI 2017  |p 5558948  |r 2025-04-22  |s 2025-04-09  |w 2019-11-24  |y BK  |z Catalogado en:20190814  |k FIS 
952 |0 0  |1 0  |3 erd  |4 0  |6 537_600000000000000_GRI_2017  |7 0  |8 A  |9 493937  |a BIBCUR  |b BIBCUR  |i 555893K  |l 31  |m 22  |o 537.6 GRI 2017  |p 555893K  |q 2025-05-14  |r 2025-05-07  |s 2025-05-07  |w 2019-11-24  |y BK  |z Catalogado en:20190814  |k FIS 
952 |0 0  |1 0  |3 erd  |4 0  |6 537_600000000000000_GRI_2017  |7 0  |8 A  |9 493938  |a BIBCUR  |b BIBCUR  |i 5558921  |l 28  |m 25  |o 537.6 GRI 2017  |p 5558921  |q 2025-05-13  |r 2025-05-06  |s 2025-05-06  |w 2019-11-24  |y BK  |z Catalogado en:20190814  |k FIS 
952 |0 0  |1 0  |3 erd  |4 0  |6 537_600000000000000_GRI_2017  |7 0  |8 A  |9 493939  |a BIBCUR  |b BIBCUR  |i 5558913  |l 29  |m 23  |o 537.6 GRI 2017  |p 5558913  |q 2025-05-14  |r 2025-04-30  |s 2025-04-30  |w 2019-11-24  |y BK  |z Catalogado en:20190814  |k FIS